HITLER / (Record no. 616548)

000 -LEADER
fixed length control field 00323nam a22001337a 4500
020 ## - INTERNATIONAL STANDARD BOOK NUMBER
Qualifying information HB.
040 ## - CATALOGING SOURCE
Transcribing agency FIZZA ISHAQ
082 ## - DEWEY DECIMAL CLASSIFICATION NUMBER
Classification number 943.086
Author Mark ALB
100 ## - MAIN ENTRY--PERSONAL NAME
Personal name MARRIN,ALBERT.
9 (RLIN) 133600
245 ## - TITLE STATEMENT
Title HITLER /
Statement of responsibility, etc. ALBERT MARRIN.
260 ## - PUBLICATION, DISTRIBUTION, ETC.
Place of publication, distribution, etc. NEW YORK ;
Name of publisher, distributor, etc. VIKING KESTREL,
Date of publication, distribution, etc. 1987.
300 ## - PHYSICAL DESCRIPTION
Extent 249 P. ;
Dimensions 9X5.5IN
942 ## - ADDED ENTRY ELEMENTS (KOHA)
Source of classification or shelving scheme
Koha item type Book
Holdings
Withdrawn status Lost status Source of classification or shelving scheme Damaged status Not for loan Permanent Location Current Location Shelving location Date acquired Total Checkouts Full call number Barcode Date last seen Price effective from Koha item type
          NUST Baluchistan Campus (NBC) NUST Baluchistan Campus (NBC) General Stacks 03/06/2026   943.086 ALB QD-469 03/06/2026 03/06/2026 Book
© 2023 Central Library, National University of Sciences and Technology. All Rights Reserved.